00908cam a22002177a 4500003000500000005001700005008004100022010001000063011001000073035001000083040000900093100003600102245023300138260004100371300002300412502012300435650003400558650003200592650003200624700003400656CHAP20220329142657.0020924d2002 mx r 00110 spa d a86376 a87348 a97891 cCHAP00aRamírez de la Rosa, Emmanuel.10aBusqueda de la eficiencia y la eficacia por el uso de manuales administrativos Ihistórico y de organización) en empresas sin fines de lucro :bcaso Greenpeacec/por Emmanuel Ramírez de la Rosa y Ricardo Rodríguez Pérez aChapingo, Méx. :bEl autor,c2002. a162 h. ;bgráfs. aTesis (Lic. en Administración de Empresas Agropecuarias) -- UACH. División de Ciencias Económico Administrativas14aAdministración de empresas.14aManuales de organización.14aManuales de procedimientos.00aRodríguez Pérez, Ricardo.